000 00563nam a2200181Ia 4500
008 090630s9999 xx 000 0 und d
082 _b4868
100 _aचोरघडे वामन.
245 _aसंन्यास.
_cचोरघडे वामन.
260 _bकॉन्टीनेंटल.
_c1973
300 _a131
600 _aचोरघडे वामन.
630 _aसंन्यास.
655 _aलघुकथा.
700 _aचोरघडे वामन.
730 _aसंन्यास.
942 _cBOOK
999 _c256724
_d256724